000 00260nam a22001217a 4500
008 170425b xxu||||| |||| 00| 0 eng d
041 _aeng
080 _23RD
_a547
100 _a12
101 _aSHM
245 _aORGANIC CHEMISTRY
_cMORRISON
942 _2udc
_cBK
999 _c11998
_d11998